000 02167nam0a22003491 4500
001 v19\rc\1596458
005 20260406004912.0
035 _a(NLR Aleph) 005228709
090 _a5582025
_c5582025
100 _a20061002d1895 |||y0rusy50 ca
101 1 _arus
_cger
102 _aRU
105 _ag j |||||
200 1 _aЛекции Ганса Бюлова, составленные Теодором Пфейфером
_fПер. с 4 нем. изд. с примеч. А. Буховцева
210 _aМосква
_cпаровая скоропеч. нот П. Юргенсона
_d1895
215 _a115 с.
_cнот.
_d19
300 _aНа обл. дата: 1896
327 1 _aСодерж.: Бах. Бетховен. Брамс. Шопен. Лист. Мендельсон. Моцарт. Рафф
464 0 _12001#$aБах$aБетховен$aБрамс$aШопен$aЛист$aМендельсон$aМоцарт$aРафф
_1702#1$aБах$bИ.С.$f1685-1750$gИоганн Себастьян$4570
_1702#1$aБетховен$bЛ. ван$f1770-1827$gЛюдвиг ван$4570
_1702#1$aБрамс$bИ.$gИоганнес$4570
_1702#1$aШопен$bФ.$f1810-1849$gФридерик$4570
_1702#1$aЛист$bФ.$f1811-1866$gФеренц$3RU\NLR\AUTH\7743076$4570
_1702#1$aМендельсон-Бартольди$bФ.$f1809-1847$gФеликс$4570
_1702#1$3RU\NLR\AUTH\779508$7ca$aМоцарт$bВ. А.$f1756-1791$gВольфганг Амадей$4570
_1702#1$aРафф$4570
_tРафф
700 1 _aПфейфер
_bТ.
_gТеодор
_4220
702 1 _4570
_7ca
_8rus
_aБюлов
_bГ. Г. фон
_f1830-1894
_gГанс Гвидо фон
_9196256
_3RU\NLR\AUTH\770196307
702 1 _4730
_4212
_8rus
_7ca
_aБуховцев
_bА. Н.
_f1850-1897
_gАлександр Никитич
_3RU\NLR\AUTH\77114397
_997322
790 1 _9z01702
_aБюлов
_bГ.Г. фон
_f1830-1894
_gГанс Гвидо фон
801 0 _aRU
_bNLR
_c20061002
_gpsbo
801 0 _aRU
_bRuMoRGB
_c20061002
_2psbo
801 1 _aRU
_bProSoft-M
_c20061002
_2rusmarc
801 2 _aRU
_bNLR
_c20121102
_2rusmarc
852 _aNLR
_j20.83.4.16
852 _aNLR
_jИс80/Б-3/5
942 _cBOOK
980 _aNB